书目信息 |
| 题名: |
中国茶艺基础教程
|
|
| 作者: | 李捷 , 杨文 主编 | |
| 分册: | ||
| 出版信息: | 北京 旅游教育出版社 2017 |
|
| 页数: | 210页 | |
| 开本: | 24cm | |
| 丛书名: | ||
| 单 册: | ||
| 中图分类: | TS971.21(2) | |
| 科图分类: | ||
| 主题词: | 茶叶--cha ye--文化--中国--教材 | |
| 电子资源: | ||
| ISBN: | 978-7-5637-3502-0 | |
| 000 | 01341nam0 22002891 450 | |
| 001 | 0119171327 | |
| 005 | 20170620101649.43 | |
| 010 | @a978-7-5637-3502-0@dCNY38.00 | |
| 100 | @a20170328d2017 em y0chiy50 ea | |
| 101 | 0 | @achi |
| 102 | @aCN@b110000 | |
| 105 | @aa z 000yy | |
| 106 | @ar | |
| 200 | 1 | @a中国茶艺基础教程@9zhong guo cha yi ji chu jiao cheng@f李捷,杨文主编 |
| 205 | @a2版 | |
| 210 | @a北京@c旅游教育出版社@d2017 | |
| 215 | @a210页@c照片@d24cm | |
| 300 | @a全国旅游专业教材 | |
| 314 | @a李捷,华中农业大学农业推广硕士,高级茶艺师、中级评茶员、茶艺考评员、中国茶叶学会会员、九江市茶叶(流通)协会会员。主要著作有《茶艺》一书。 | |
| 314 | @a杨文,解放军军事经济学院经济管理专业毕业,中国职业技术教育学会教学工作委员会旅游餐饮专业教学研究会会员。主要著作有《魅力九江经典导游词》《旅游经济学》等。 | |
| 330 | @a本书分为茶叶及其相关的基础知识和茶艺基本技能两大部分。教程的理论知识包括茶艺师职业道德与茶艺礼仪、茶文化基础知识、茶叶知识、品茗用水及科学饮茶、茶具知识;实践知识包括熟悉泡茶器具与泡茶手法、绿茶冲泡基本技艺、红茶冲泡基本技艺、黑茶冲泡基本技艺、青茶冲泡基本技艺、茶艺表演练习。 | |
| 606 | 0 | @a茶叶@9cha ye@x文化@y中国@j教材 |
| 690 | @aTS971.21(2)@v5 | |
| 701 | 0 | @a李捷@9li jie@4主编 |
| 701 | 0 | @a杨文@9yang wen@4主编 |
| 801 | 0 | @aCN@b百万庄@c20170617 |
| 905 | @b1012803-8@dTS971.21(2)@e474=2@f6 | |
| 中国茶艺基础教程/李捷,杨文主编.-2版.-北京:旅游教育出版社,2017 |
| 210页:照片;24cm |
| 全国旅游专业教材 |
| ISBN 978-7-5637-3502-0:CNY38.00 |
| 本书分为茶叶及其相关的基础知识和茶艺基本技能两大部分。教程的理论知识包括茶艺师职业道德与茶艺礼仪、茶文化基础知识、茶叶知识、品茗用水及科学饮茶、茶具知识;实践知识包括熟悉泡茶器具与泡茶手法、绿茶冲泡基本技艺、红茶冲泡基本技艺、黑茶冲泡基本技艺、青茶冲泡基本技艺、茶艺表演练习。 |
| ● |
| 相关链接 |
|
|
|
|
正题名:中国茶艺基础教程
索取号:TS971.21(2)/474=2
 
预约/预借
| 序号 | 登录号 | 条形码 | 馆藏地/架位号 | 状态 | 备注 |
| 1 | 1012803 | 210128039 | 第二样本阅览室/ [索取号:TS971.21(2)/474=2] | 在馆 | |
| 2 | 1012804 | 210128048 | 教育系资料室/ [索取号:TS971.21(2)/474=2] | 在馆 | |
| 3 | 1012805 | 210128057 | 教育系资料室/ [索取号:TS971.21(2)/474=2] | 在馆 | |
| 4 | 1012806 | 210128066 | 教育系资料室/ [索取号:TS971.21(2)/474=2] | 在馆 | |
| 5 | 1012807 | 210128075 | 第三借阅区/ [索取号:TS971.21(2)/474=2] | 在馆 | |
| 6 | 1012808 | 210128084 | 第三借阅区/ [索取号:TS971.21(2)/474=2] | 在馆 |